000 01059naa a22002897a 4500
001 BR7603110
003 BR-BrBNA
005 20240918173847.0
007 ta
008 230509b bl.||||| |||| 00| 0 por d
040 _aBR-BrBNA
_bpor
_cBiblioteca Nacional de Agricultura
041 _a(Pt)
072 _aF22; F23
090 _aF22 BR7603110
100 1 _aDecico, A.
100 1 _aSantos, J.M.
111 1 _a15. Congresso Brasileiro de Ciencia do Solo
_cCampinas, SP (Brazil)
_d14 Jul 1975
245 1 _aComportamento tecnico do solo sob diferentes condicoes de cobertura [Temperatura; Perfil do solo]
260 3 _aCampinas, SP (Brasil):
_c1976.
500 _aAnais do 15. Congresso Brasileiro de Ciencia do Solo Campinas, SP (Brasil): 1976. p. 55-62 (BR7603110-AM)F22
650 _aFISICA DO SOLO
650 _aTEMPERATURA
650 _aPERFIL DO SOLO
773 0 _tAnais do 15. Congresso Brasileiro de Ciencia do Solo
_wF22 BR7603110
_gCampinas, SP (Brasil), 1976. p. 55-62
909 _a202404
_bLucia
_c55
_dLucia Elande
942 _cAM
_2AGRIS
999 _c307339
_d307339